000 00643nam a2200193 i 4500
001 114038
003 ES-MaACL
005 20250821153206.0
007 t|
008 061121s1915 it r ||||1| ita d
100 1 _aPalmieri, Ruggero.
_988656
245 1 0 _aDi una imitazione spagnnola del Cortegiano
_b: (el cortesano di Luis Milan) /
_cRuggero Palmieri.
260 _aTorino :
_bFratelli Bocca,
_c1915.
300 _a25 p. ;
_c23 cm.
595 _aEs tirada aparte de la Revista "Il Conciliatore". Anno II-Fasc. 3-4.
600 1 7 _aMilan, Luis,
_dca.1500-ca.1561
_2
_9129918
852 _aES-MaACL
_j1504-F-20
999 _c114038
_d114038